Marketing International Zehn Erfolgsstrategien
Na minha lista:
| Autor principal: | |
|---|---|
| Outros Autores: | |
| Formato: | Livro |
| Idioma: | alemão |
| Publicado em: |
Frankfurt am Main
Campus
1992
|
| Edição: | 1. Aufl. |
| Assuntos: | |
| Tags: |
Sem tags, seja o primeiro a adicionar uma tag!
|
MARC
| LEADER | 00000nam a2200000 4500 | ||
|---|---|---|---|
| 001 | c003562 | ||
| 005 | 20221206084806.5 | ||
| 020 | |a 3-593-34736-9 | ||
| 041 | 0 | |a ger | |
| 044 | |a DE | ||
| 245 | 1 | 0 | |a Marketing International |b Zehn Erfolgsstrategien |c Douglas Lamont ; [Z angl. prel.] Wilfried Hof |
| 250 | |a 1. Aufl. | ||
| 264 | 1 | |a Frankfurt am Main |b Campus |c 1992 | |
| 300 | |a 297 s. | ||
| 610 | 2 | 0 | |a marketing |
| 610 | 2 | 0 | |a stratégia podniková |
| 610 | 2 | 0 | |a trh |
| 610 | 2 | 0 | |a analýza trhu |
| 610 | 2 | 0 | |a výskum trhu |
| 610 | 2 | 0 | |a riziko |
| 610 | 2 | 0 | |a manažment |
| 610 | 2 | 0 | |a podnikanie |
| 610 | 2 | 0 | |a práca tímová |
| 610 | 2 | 0 | |a obchod medzinárodný |
| 610 | 2 | 0 | |a prognózy |
| 610 | 2 | 0 | |a politika výrobná |
| 610 | 2 | 0 | |a podnik medzinárodný |
| 610 | 2 | 0 | |a modelovanie |
| 100 | 1 | |a Lamont, Douglas | |
| 700 | 1 | |a Hof, Wilfried | |